Responses for Show #4905 - Friday, December 30, 2005

Tom Kavanaugh game 2.

Contestants

[<< previous game]

Lauren Dean, a marketing manager and grad student from Chevy Chase, Maryland

Robert Bethard, a registered nurse from Asheville, North Carolina

Tom Kavanaugh, a writer from St. Louis, Missouri (whose 1-day cash winnings total $28,000)

[next game >>]

Jeopardy! Round responses

NONFICTION
SCARY MOVIES
FASHION HISTORY
THE MISSIVES OF OCTOBER
CONTAINERS
COLORFUL RHYME TIME
    $200 4
Men Are from Mars, Women Are from Venus

Tom
    $200 7
The Exorcist

Lauren
    $200 8
a trench coat

Lauren
    $200 21
(Lauren: Who is Henry Ford?)
...
(Alex: [*], yes, "this car".)

the Model T Ford

RobertLauren
    $200 23
cans

Tom
    $200 1
a red Fred

Tom
    $400 5
(Lauren: What is a Warm Dog?)
(Tom: What is a Wet Dog?)
[Laughter]
(Alex: You're taking us into an area that I, uh, that I don't want us to go in.)

a Warm Puppy

TomLauren
Triple Stumper
    $400 17
Friday the 13th

Tom
    $400 9
Fruit of the Loom

Lauren
    $400 22
(Tom: What is the American flag?)

his draft card

TomRobert
    $400 27
a tub

Tom
    $400 2
a brown town

Triple Stumper
    $600 12
Kirk Douglas

Tom
    $600 18
Yentl

Robert
    $600 10
blouse

Lauren
    $600 24
Chuck Yeager

Tom
    $600 28
a Crock Pot

Lauren
    $600 3
navy gravy

Robert
    $1,400 15
(Alex: Robert?)
(Robert: I don't know.)
(Alex: The book is called [*] by Stephen Hawking.)

A Brief History of Time

Robert
    $800 19
The Texas Chainsaw Massacre

Robert
    $800 11
(Lauren: Who is Chanel?)

Christian Dior

RobertLauren
    $800 25
(Robert: What is the stock market?)
(Alex: Be more specific.)
(Robert: What is the New York Stock Exchange?)
(Alex: Be more specific. Oh, I'll give you another shot at it.)
(Robert: Uhh...)
(Alex: Oop, too much time.)

the Dow Jones

RobertLauren
    $800 29
(Robert: What is a casket?)
(Lauren: What is a cask?)
...
(Alex: You've heard the term "pallbearer"; [*] is the 4-letter word.)
[The end-of-round signal sounds.]

a pall

RobertLauren
Triple Stumper
    $800 6
a jade blade

Triple Stumper
    $1000 16
Eisenhower

Robert
    $1000 20
A Nightmare on Elm Street

Lauren
    $1000 14
(Tom: Who is Eva Braun? [Shakes his head])
...
(Alex: [*], yes, now's the time for that fashion lady.)

(Coco) Chanel

TomRobert
    $1000 26
(Robert: What is the Hundred Years' War?)
(Lauren: What is the Thousand Years' War?)
[Robert chuckles]

the Thirty Years' War

TomRobertLauren
    $1000 13
an albino rhino

Lauren

Scores at the first commercial break (after clue 15):

Tom Robert Lauren
-$400 $1,000 $1,200

Scores at the end of the Jeopardy! Round:

Tom Robert Lauren
$1,800 $1,400 $1,600

Double Jeopardy! Round responses

THE UNITED NATIONS
POETIC FILL IN THE BLANK
ON COMMISSIONS
MICHAEL J. FOX
BACK TO THE FUCHSIA
"SPIN" CITY
    $400 22
the General Assembly

Robert
    $400 14
(Tom: What is day?)

evening

TomLauren
    $400 6
the Federal Communications Commission

Tom
    $400 7
Vancouver

Robert
    $400 21
German

Tom
    $400 1
a spin doctor

Lauren
    $800 24
UNICEF

Robert
    $800 15
Death

Tom
    $800 8
the Securities & Exchange Commission

Lauren
    $800 10
Family Ties

Robert
    $800 28
hummingbirds

Tom
    $800 2
a spinning wheel (or spindle)

Robert
    $1200 25
UNESCO

Tom
    $1200 16
(Tom: What is Glen?)

Blacksmith

Tom
Triple Stumper
    $1200 9
boxing

Robert
    $1200 11
Marty McFly

Tom
    $1200 23
earrings

Triple Stumper
    $1200 3
a spinet

Lauren
    $1600 26
the Gypsies

Tom
    $1600 17
Carpenter

Tom
    $1,000 19
(Lauren: What are Olympic teams?)
(Alex: No, what are [*]? Those were all years for presidential elections.)

presidential debates

Lauren
    $1600 12
Stuart Little

Lauren
    $1600 29
rust

Robert
    $1,200 4
(Lauren: What is a spiny anteater?)
(Alex: No, what is [*]? I'll bet you enjoy eating it, too, don't you?)
(Lauren: I actually do. Now.)
(Alex: All right, good for you. Some consolation.)

spinach

Lauren
    $2000 27
Dag Hammarskjold

Robert
    $2000 18
Duchess

Lauren
    $2000 20
(Robert: What is the 1950s?)

the 1960s

RobertLauren
    $2000 13
Tales from the Crypt

Tom
    $2000 30
Magellan

Tom
    $2000 5
Spinoza

Robert

Scores at the end of the Double Jeopardy! Round:

Tom Robert Lauren
$12,200 $9,400 $7,800

[wagering suggestions for these scores]

Final Jeopardy! Round responses

RIVERS
(Alex: If you recognized the city, then you would have no trouble with this clue.)
...
(Alex: That was the southern tip of Manhattan.)
LaurenWhat are the East and Hudson rivers?
$4,600
RobertWhat are Hudson and East River?
$6,201
TomWhat are the Hudson + East Rivers
$6,601
the Hudson River & the East River

Final scores:

Tom Robert Lauren
$18,801 $15,601 $12,400
2-day champion: $46,801 2nd place: $2,000 3rd place: $1,000

Game dynamics:

Coryat scores:

Tom Robert Lauren
$12,200 $10,800 $10,000
18 R,
5 W
17 R,
5 W
(including 1 DD)
15 R,
7 W
(including 2 DDs)

Combined Coryat: $33,000

[game clues] [game scores] [suggest correction]

Game tape date: 2005-10-18
The J! Archive is created by fans, for fans. Scraping, republication, monetization, and malicious use prohibited; this site may use cookies and collect identifying information. See terms. The Jeopardy! game show and all elements thereof, including but not limited to copyright and trademark thereto, are the property of Jeopardy Productions, Inc. and are protected under law. This website is not affiliated with, sponsored by, or operated by Jeopardy Productions, Inc. Join the discussion at JBoard.tv.